| 000 | 01886nas a2200277Ia 4500 | ||
|---|---|---|---|
| 001 | R053-S8000 | ||
| 003 | IT-CnALBA | ||
| 008 | 170116c99999999xx |||||||||||| ||und|| | ||
| 040 |
_aIT-CnALBA _cIT-CnALBA |
||
| 041 | _aITALIANO | ||
| 100 | _aCOBOLLI GIGLI NICOLETTA | ||
| 210 | _aARTE | ||
| 222 | _aARTE | ||
| 245 | 0 | _aARTE. CULTURA INFORMAZIONE. MERCATO INFORMALE IN FORMA. OTTOBRE 1996. PIERRE E GILLES. COPPIA SEDUZIONE PARIGI. | |
| 250 | _a1a ed. | ||
| 260 |
_aMILANO _bMONDADORI GIORGIO EDIT. _c1996 [1° Ed.:1996 - Ed.Ling.Originale: 1996] |
||
| 300 | _a154 p. | ||
| 310 | _aMENSILE | ||
| 362 | _aFascicolo: 278 / (1996) | ||
| 500 | _aMOSTRA ARTE. ITALIANI DIECI PER IL NUOVO MILLENNIO. JASPER JOHNS. STORIA DEL POP, SUA BANDIERA. LA MOSTRA DI ARTE. ABORIGENI ALLA SCOPERTA DELLA PRIMA ARTE MODERNA, CARLO MARIA MARIANI. MORELLO M. NEOCLASSICO CONCETTUALE. CABUTTI L. BICCHIERI DA ABSOLUT, SCULTURE PER BRINDISI DI AUTORE. HERMAN HESSE, GLI ACQUARELLI DI SIDOHARTA. LODOLA MARCO, SAGOME PIENE DI LUCE. VALIGIA DI BALDASSI PIENA DI AMERICANI. MARCHINI SIMONA ATTRICE E GALLERISTA. EVENTI. FOTOGRAFIA PITTORI SCULTORI. RUBRICHE ARTE E MERCATO. | ||
| 501 | _aSocietà San Paolo EM - Piazza San Paolo, 14 - 12051 ALBA (CN) (non commercial uses only) ® Copyright 2017 | ||
| 520 | _aMOSTRA ARTE. ITALIANI DIECI PER IL NUOVO MILLENNIO. JASPER JOHNS. STORIA DEL POP, SUA BANDIERA. LA MOSTRA DI ARTE. ABORIGENI ALLA SCOPERTA DELLA PRIMA ARTE MODERNA, CARLO MARIA MARIANI. MORELLO M. NEOCLASSICO CONCETTUALE. CABUTTI L. BICCHIERI DA ABSOLUT, SCULTURE PER BRINDISI DI AUTORE. HERMAN HESSE, GLI ACQUARELLI DI SIDOHARTA. LODOLA MARCO, SAGOME PIENE DI LUCE. VALIGIA DI BALDASSI PIENA DI AMERICANI. MARCHINI SIMONA ATTRICE E GALLERISTA. EVENTI. FOTOGRAFIA PITTORI SCULTORI. RUBRICHE ARTE E MERCATO. | ||
| 650 | _aSCIENZE UMANE E RELIGIOSE | ||
| 942 | _cCR | ||
| 957 | _71 | ||
| 999 |
_a77558 _bNO _g1 _c335544 _d335544 |
||